| 000 | 00811cab a2200241 4500 | ||
|---|---|---|---|
| 001 | WB3143-38 | ||
| 008 | 090401t1995 xxu||||| |||| 00| 0 eng d | ||
| 035 | _a(Sirsi) u28807 | ||
| 041 | _aeng | ||
| 245 | _aLawyers angry at small claims plan | ||
| 260 | _c1995 | ||
| 350 | _a0 | ||
| 490 |
_aLaw Society`s Gazette _v(92/41) 15 November 1995, 4(1) |
||
| 520 | _aA proposal has been put forward by the Lord Chancellor to increase the small claims limit from £1000 to £3000. Landlords would be exempt from this increase. | ||
| 650 | _aHOUSING LAW | ||
| 650 | _aLANDLORDS | ||
| 650 | _aLEGAL REPRESENTATION | ||
| 650 | _aSMALL CLAIMS LIMIT | ||
| 650 | _aTENANTS | ||
| 690 | _aPROPERTY-RESIDENTIAL PROPERTY-RESIDENTIAL LANDLORD AND TENANT-RESIDENTIAL TENANCIES | ||
| 942 | _n0 | ||
| 948 | _c04/03/1997 | ||
| 999 |
_c19378 _d19378 |
||